|
|
|
|
| LEADER |
00000cam a2200000 a 4500 |
| 001 |
89309-3 |
| 005 |
20230308170507.0 |
| 008 |
000000|1985 ||||||||r|||||||||||spa|| |
| 020 |
|
|
|a 9804292139
|
| 040 |
|
|
|b spa
|
| 041 |
1 |
|
|a spa
|
| 082 |
0 |
|
|a 331.8
|
| 100 |
1 |
|
|a Godio, Julio
|9 49295
|
| 245 |
1 |
1 |
|a Historia del movimiento obrero latinoamericano: socialdemocracia, socialcristianismo y marxismo 1930-1980
|c Julio Godio
|h imp
|
| 264 |
|
|
|a San José
|b Nueva Sociedad
|c 1985
|
| 300 |
|
|
|a 320 páginas:
|c 19.5 cm
|
| 650 |
1 |
|
|a Movimiento obrero
|9 127
|
| 650 |
1 |
|
|a Socialdemocracia
|9 9075
|
| 650 |
1 |
|
|a Socialcristianismo
|9 7277
|
| 650 |
1 |
0 |
|a Marxismo
|9 7394
|
| 650 |
1 |
0 |
|a América Latina
|9 878
|
| 852 |
|
|
|a UC-CDJBV
|c ESTANTERIA CERRADA
|f Compra
|k sara.alvarado
|l 1
|m General
|p 00000000
|r 2
|t 89309-3
|b 0
|d CDRC
|e CDRC
|g 331.8 ESTANTERIA CERRADA
|z 0000-00-00
|
| 942 |
|
|
|c BK
|
| 999 |
|
|
|c 32639
|d 32639
|